Omarion Discography - Statistics

General Stats
  • This quiz has been taken 3 times
  • The average score is 7 of 14
Answer Stats
Year Name Type % Correct
2006 21 Album
100%
2005 O Album
100%
2007 Face Off Collaorative Album
67%
2010 Ollusion Album
67%
2014 Sex Playlist Album
67%
2011 The Awakening Mixtape
67%
2017 Care Package EP
33%
2018 Care Package 2 EP
33%
2018 Care Package 3 EP
33%
2018 Reasons Album
33%
2005 Scream Tour IV DVD
33%
2012 Self Made Vol. 2 Collaborative Compilation
33%
2013 Self Made Vol. 3 Collaborative Compilation
33%
2017 Self Made 4 Collaborative Compilation
0%
No matching quizzes found
Score Distribution
Percent of People with Each Score
Percentile by Number Answered
Your Score History
You have not taken this quiz